Vertragstypen im BGB - Statistiken

Allgemein
  • Dieses Quiz wurde 56 mal gespielt
  • Das Durchschnittsergebnis liegt bei 5 aus 10
Antwortstatistiken
Hint Antwort % Korrekt
§ 433 BGB Kaufvertrag
100%
§ 535 BGB Mietvertrag
88%
§ 631 BGB Werkvertrag
77%
§ 611 BGB Dienstvertrag
60%
§ 516 BGB Schenkung
53%
§ 488 BGB Darlehensvertrag
35%
§ 581 BGB Pachtvertrag
26%
§ 765 BGB Bürgschaft
19%
§ 480 BGB Tausch
19%
§ 779 BGB Vergleich
2%
Keine übereinstimmenden Quizze gefunden
Verteilung der Resultate
Anzahl Personen mit jedem Resultat
Perzentil nach korrekt beantworteten Fragen
Ihre Resultats-Entwicklung
Sie haben dieses Quiz noch nicht gespielt